| 000 | 00978nam a22003017a 4500 | ||
|---|---|---|---|
| 001 | 10158 | ||
| 003 | FISKH | ||
| 005 | 20260428140219.0 | ||
| 008 | 260428b cb ||||| |||| 00| 0 eng d | ||
| 020 | _a9780462004891 | ||
| 040 |
_aFISKH _beng _cFISKH _dFISKH |
||
| 050 | _aPZ7 | ||
| 082 | _a599.8 | ||
| 100 |
_aMetcalfe, Louise _eAuthor |
||
| 245 |
_aGranny's lost glasses / _cWritten by Louise Metcalfe ; illustrated by Bettina Guthridge |
||
| 260 |
_aSingapore : _bMarshall Cavendish International , _c2008 |
||
| 300 |
_a16 pages : _bphotographs ; _c16 x 19 cm |
||
| 490 |
_aMy pals are here! Reading stars : _v8b |
||
| 505 | _aG | ||
| 520 | _aGranny lost her glasses and couldn't find it so she asked everyone in the house! | ||
| 521 | 8 |
_a350
_bLexile estimate |
|
| 521 | 8 |
_aG
_bRaz-Plus |
|
| 650 |
_aFamily _vGranny |
||
| 650 |
_aNarrative _vRealistic fiction |
||
| 700 |
_aGuthridge, Bettina _eIllustrator |
||
| 942 |
_2ddc _cBK _n0 |
||
| 999 |
_c10158 _d10158 |
||